| 000 | 01283nam a22002057a 4500 | ||
|---|---|---|---|
| 999 |
_c61174 _d61174 |
||
| 005 | 20231227112539.0 | ||
| 008 | 231227s1986 ru ||||| |||| 00| 0 rus d | ||
| 041 | _arus | ||
| 080 | _a929.731(479.22) Д-40 | ||
| 100 |
_aДжуаншериани, Джуаншер _920908 |
||
| 245 |
_aЖизнь Вахтанга Горгасала / _c Джуаншер Джуаншериани; Перевод, введение и примечания Г.В. Цулая; Академия наук СССР, Институт этнографии имени Н.Н. Миклухо-Маклая, Академия наук Грузинской ССР, Комиссия по источникам истории Грузии. |
||
| 264 |
_aТбилиси : _bМецниереба, _c1986. |
||
| 300 |
_a149 с. ; _b21 см. |
||
| 440 |
_aПамятники грузинской исторической литературы ; _n6 / Редактор серии и тома Р.К. Кикнадзе _920909 |
||
| 653 | _aვახტანგ I გორგასალი | ||
| 653 | _aქართლის მეფე | ||
| 653 | _aდოკუმენტური წყაროები | ||
| 700 |
_aЦулая, Г.В. _eმთარგმნელი _920910 |
||
| 942 |
_2udc _cᲬᲘᲒᲜᲘ |
||